|
|
|
|
| LEADER |
00000naa2a2200000 4500 |
| 001 |
384943 |
| 005 |
20231101063319.0 |
| 035 |
|
|
|a (RuTPU)RU\TPU\prd\12233
|
| 090 |
|
|
|a 384943
|
| 100 |
|
|
|a 20030331a2003 k y0rusy50 ca
|
| 101 |
0 |
|
|a rus
|
| 102 |
|
|
|a RU
|
| 200 |
1 |
|
|a Электроэнергетика и социально-экономическое развитие России
|f А. А. Макаров
|
| 461 |
|
1 |
|0 (RuTPU)RU\TPU\prd\458
|x 0233-3619
|t Энергия: экономика, техника, экология
|o научно-популярный и общественно-политический журнал
|f Российская академия наук (РАН)
|d 1984-
|
| 463 |
|
1 |
|0 (RuTPU)RU\TPU\prd\11854
|t № 2
|v С. 2-10
|d 2003
|
| 610 |
1 |
|
|a электроэнергетика
|
| 610 |
1 |
|
|a энергетика
|
| 610 |
1 |
|
|a электропривод
|
| 610 |
1 |
|
|a освещение
|
| 610 |
1 |
|
|a энергосбережение
|
| 610 |
1 |
|
|a генерирующие мощности
|
| 610 |
1 |
|
|a финансирование
|
| 610 |
1 |
|
|a топливо
|
| 610 |
1 |
|
|a инвестиции
|
| 610 |
1 |
|
|a цены
|
| 610 |
1 |
|
|a потребительские расходы
|
| 700 |
|
1 |
|a Макаров
|b А. А.
|
| 801 |
|
1 |
|a RU
|b 63413507
|c 20030331
|g PSBO
|
| 801 |
|
2 |
|a RU
|b 63413507
|c 20120515
|g RCR
|
| 942 |
|
|
|c BK
|